Introducción al análisis transaccional: los juegos psicológicos
Kaydedildi:
| Asıl Yazarlar: | , , , , |
|---|---|
| Materyal Türü: | Kitap |
| Dil: | İspanyolca |
| Baskı/Yayın Bilgisi: |
Buenos Aires
Paidós
1973
|
| Edisyon: | 1a. ed |
| Seri Bilgileri: | Biblioteca de Psiquiatría, Psicopatología y Psicosomática, 51
|
| Konular: | |
| Etiketler: |
Etiketle
Etiket eklenmemiş, İlk siz ekleyin!
|
MARC
| LEADER | 00000cam a2200000 a 4500 | ||
|---|---|---|---|
| 001 | UCC6981 | ||
| 003 | CL-VaPUC | ||
| 008 | 190125e19730000ag |||||||||||||||||spa|d | ||
| 082 | 0 | 4 | |a 158.9 |b KER |2 21 |
| 100 | |a Kertész, Roberto |e author |9 475199 | ||
| 700 | 0 | |a Casale, F. P. del |e author |9 601515 | |
| 700 | 0 | |a Kerman, C |e author |9 601516 | |
| 700 | 0 | |a Savorgnan, J. A |e author |9 601517 | |
| 700 | 0 | |a Slipak, B |e author |9 601518 | |
| 245 | 1 | 0 | |a Introducción al análisis transaccional: los juegos psicológicos |
| 250 | |a 1a. ed | ||
| 300 | |a 222 p | ||
| 942 | |c BK | ||
| 945 | |d 20190125 15:54:00 |a dcastane | ||
| 260 | |a Buenos Aires |b Paidós |c 1973 | ||
| 650 | 0 | |a Análisis transaccional |9 269291 | |
| 650 | 0 | |a Psicología aplicada |9 270762 | |
| 650 | 7 | |a JUEGOS PSICOLOGICOS |2 CL-VaPUC |9 315421 | |
| 650 | 7 | |a PSICOTERAPIA |2 CL-VaPUC |9 601519 | |
| 583 | |a last modification |c 20190125 15:54:00 |k Rodrigo Vera | ||
| 490 | 0 | |a Biblioteca de Psiquiatría, Psicopatología y Psicosomática, 51 | |
| 999 | |c 373795 |d 373793 | ||
| 952 | |0 0 |1 0 |3 erb |4 0 |6 158_900000000000000_KER_1973 |7 0 |8 C |9 492024 |a BIBCUR |b BIBCUR |i 553156K |o 158.9 KER 1973 |p 553156K |r 2025-04-22 |w 2019-11-24 |y BK |z Catalogado en:20190125 |k CAC | ||